000 00753nam a2200253Ia 4500
003 OSt
005 20220930073500.0
006 a|||||r|||| 00| 0
007 ta
008 220926b |||||||| |||| 00| 0 hin d
024 _a32520
037 _cTheses
040 _aCRL
_cCRL
_bhin
041 _2hin
_ahin
100 _aRajesh Kumari
_9531654
110 _aUniversity of Delhi. Faculty of Arts. Department of Hindi
245 0 _aSmaart dharam aur Tulsi ka kavya
260 _c1997
650 _aHINDI LITERATURE
_923866
700 _a Dr Mahender Kumar Supervisor
_9531655
700 _aUniversity of Delhi. Faculty of Arts. Department of Hindi
942 _cDIS
_2CC
999 _c865078
_d865078